Statistiques concernant Quel département en Auvergne-Rhône-Alpes ... ?

Cliquez ici pour prendre le quiz!

Statistiques générales

  • Ce quiz a été pris 65 fois
  • Le résultat moyen est 10 sur 20

Statistiques - réponses

HintRéponse% Correct
est le plus peuplé de la régionRhône
89%
abrite le parc d'attraction VulcaniaPuy-de-Dôme
84%
abrite la ville d'OyonnaxAin
77%
a un numéro entre 10 et 20Cantal
71%
est réputé pour ses eaux minérales comme Evian ou ThononHaute-Savoie
70%
s'est séparé du Rhône en 1793Loire
61%
a accueilli le gouvernement de la zone libre pendant la 2nd guerre mondialeAllier
59%
a pour sous-préfectures Brioude et YssingeauxHaute-Loire
57%
abrite la ville d'Aix-les-BainsSavoie
57%
abrite le point culminant de la régionHaute-Savoie
55%
est le moins peuplé de la régionCantal
54%
n'a pas de gare de voyageurs ni d'autorouteArdèche
52%
abrite l'Alpe d'HuezIsère
43%
a le moins de sous-préfecturesRhône
43%
abrite l'ouest du massif du VercorsDrôme
39%
a la préfecture la moins peuplée de FranceArdèche
36%
est le plus étenduIsère
34%
est partiellement situé dans les CévennesArdèche
29%
a le plus de sous-préfecturesPuy-de-Dôme
23%
abrite le CERN (centre européen pour la recherche nucléaire)Ain
11%

Distribution des résultats

Percentile par nombre de réponses

% des personnes avec chaque résultat

Votre développement - résultats

Vous n’avez pas pris ce quiz